<?xml version="1.0" encoding="UTF-8"?><?xml-stylesheet type="text/xsl" href="static/style.xsl"?><OAI-PMH xmlns="http://www.openarchives.org/OAI/2.0/" xmlns:xsi="http://www.w3.org/2001/XMLSchema-instance" xsi:schemaLocation="http://www.openarchives.org/OAI/2.0/ http://www.openarchives.org/OAI/2.0/OAI-PMH.xsd"><responseDate>2026-04-18T03:45:57Z</responseDate><request verb="GetRecord" identifier="oai:www.recercat.cat:10459.1/468745" metadataPrefix="marc">https://recercat.cat/oai/request</request><GetRecord><record><header><identifier>oai:recercat.cat:10459.1/468745</identifier><datestamp>2025-10-09T18:10:32Z</datestamp><setSpec>com_2072_3622</setSpec><setSpec>col_2072_479130</setSpec></header><metadata><record xmlns="http://www.loc.gov/MARC21/slim" xmlns:dcterms="http://purl.org/dc/terms/" xmlns:xsi="http://www.w3.org/2001/XMLSchema-instance" xmlns:doc="http://www.lyncode.com/xoai" xsi:schemaLocation="http://www.loc.gov/MARC21/slim http://www.loc.gov/standards/marcxml/schema/MARC21slim.xsd">
   <leader>00925njm 22002777a 4500</leader>
   <datafield ind2=" " ind1=" " tag="042">
      <subfield code="a">dc</subfield>
   </datafield>
   <datafield ind2=" " ind1=" " tag="720">
      <subfield code="a">Lazo, Joaquín</subfield>
      <subfield code="e">author</subfield>
   </datafield>
   <datafield ind2=" " ind1=" " tag="720">
      <subfield code="a">Trujillo-Baute, Elisa</subfield>
      <subfield code="e">author</subfield>
   </datafield>
   <datafield ind2=" " ind1=" " tag="720">
      <subfield code="a">Watts, David</subfield>
      <subfield code="e">author</subfield>
   </datafield>
   <datafield ind2=" " ind1=" " tag="260">
      <subfield code="c">2025</subfield>
   </datafield>
   <datafield ind2=" " ind1=" " tag="520">
      <subfield code="a">The transition to renewable energy requires careful consideration of land-use trade-offs, particularly when repurposing agricultural land for solar photovoltaic (PV) projects. This study develops a real options (RO) framework to determine the optimal timing for investing in a solar PV plant under uncertainty, explicitly incorporating the opportunity cost of land conversion and the stochastic evolution of electricity prices and technology costs. Using the Bellman equation, we model the investment decision as an American-style option, where firms can defer installation until economic conditions become optimal. Both electricity prices and investment costs are assumed to follow geometric Brownian motion (GBM), allowing us to derive an analytical expression for the critical investment threshold and estimate the expected time to reach this optimal ratio. Our results show that uncertainty delays investment decisions, encouraging a more conservative and risk-aware adoption of PV technology. This delay is particularly relevant for policymakers, as it suggests that traditional subsidy schemes based on static NPV calculations may be insufficient to accelerate adoption. Instead, policies that explicitly account for market volatility and future technological cost reductions are needed to incentivize timely investments. Furthermore, for regions aiming to regulate PV expansion on agricultural land, our framework provides insights into how regulatory interventions—such as land-use restrictions or incentives for dual-use solar-agriculture projects—can strategically influence adoption timelines. By integrating financial uncertainty and land-use dynamics, this study offers a robust decision-making tool for investors and policymakers navigating the trade-offs between energy transition and sustainable land management.</subfield>
   </datafield>
   <datafield ind2=" " ind1=" " tag="520">
      <subfield code="a">The authors acknowledge the support and funding from ANID-Subdireccion ´ de Capital Humano/Doctorado Nacional/2021–21210320, Conicyt-Fondecyt 1221943, Conicyt-FONDAP 1522A0006 (SERC Chile), MCIU/AEI&amp;ERDF-EU PID2022–140546OB-I00 and Departament de Recerca i Universitat de la Generalitat de Catalunya 2021SGR00355.</subfield>
   </datafield>
   <datafield ind1="8" ind2=" " tag="024">
      <subfield code="a">http://hdl.handle.net/10459.1/468745</subfield>
   </datafield>
   <datafield tag="653" ind2=" " ind1=" ">
      <subfield code="a">Photovoltaic</subfield>
   </datafield>
   <datafield tag="653" ind2=" " ind1=" ">
      <subfield code="a">Real options</subfield>
   </datafield>
   <datafield tag="653" ind2=" " ind1=" ">
      <subfield code="a">Defer option</subfield>
   </datafield>
   <datafield ind2="0" ind1="0" tag="245">
      <subfield code="a">Real option approach to solar PV investment amid uncertainties and land opportunity costs</subfield>
   </datafield>
</record></metadata></record></GetRecord></OAI-PMH>